LEADER 02429nam 2200673 450 001 9910452905203321 005 20200520144314.0 010 $a1-4597-0074-0 010 $a1-4597-0073-2 035 $a(CKB)2550000001118295 035 $a(EBL)1138227 035 $a(SSID)ssj0001150786 035 $a(PQKBManifestationID)11750921 035 $a(PQKBTitleCode)TC0001150786 035 $a(PQKBWorkID)11194791 035 $a(PQKB)10302062 035 $a(CEL)445975 035 $a(OCoLC)863054149 035 $a(CaBNVSL)slc00233413 035 $a(MiAaPQ)EBC3289104 035 $a(MiAaPQ)EBC1138227 035 $a(MiAaPQ)EBC5104327 035 $a(Au-PeEL)EBL5104327 035 $a(CaPaEBR)ebr11457413 035 $a(OCoLC)847332543 035 $a(EXLCZ)992550000001118295 100 $a20171125h20132013 uy 0 101 0 $aeng 135 $aur|n|---||||| 181 $ctxt 182 $cc 183 $acr 200 10$a149 paintings you really need to see in Europe $e(so you can ignore the others) /$fJulian Porter 210 1$aToronto, [Ontario] :$cDundurn,$d2013. 210 4$dİ2013 215 $a1 online resource (449 p.) 300 $aIncludes indexes. 311 $a1-4597-0072-4 311 $a1-299-87384-7 327 $aGreat Britain and Ireland -- France -- Spain -- Italy (Rome and Vatican City) -- Italy (Venice and Florence) -- Italy (other regions) -- Germany and Austria -- Eastern Europe -- Scandinavia and the Low Countries. 330 $aVisit some of Europe's greatest galleries and view some of the world's most breath-taking paintings in the company of a knowledgeable tour guide. Beginning with the Renaissance and ending with the Modern era, Julian Porter introduces you to 149 specially chosen paintings and the artists who created them. 606 $aPainting, European$vGuidebooks 606 $aPainting$xAppreciation 606 $aArt museums$zUnited States$vGuidebooks 606 $aArt museums$zCanada$vGuidebooks 608 $aElectronic books. 615 0$aPainting, European 615 0$aPainting$xAppreciation. 615 0$aArt museums 615 0$aArt museums 676 $a759.94 700 $aPorter$b Julian$0872369 801 0$bMiAaPQ 801 1$bMiAaPQ 801 2$bMiAaPQ 906 $aBOOK 912 $a9910452905203321 996 $a149 paintings you really need to see in Europe$91957112 997 $aUNINA LEADER 00953nam a2200253 i 4500 001 991002956869707536 005 20021022144334.0 008 960610s1960 uk ||| | eng 035 $ab11734103-39ule_inst 035 $aLE021FD223557$9ExL 040 $aDip. SSSC$bita 100 1 $aLeyda, Jay$0193040 245 10$aKino :$ba history of the Russian and Soviet film /$cJay Leyda 260 $aLondon :$bGeorge Allen & Unwin LTD,$c1960 300 $a493 p., [16] c. di tav. :$bill. ;$c24 cm. 500 $aPosseduto : 1952-1956 ; lac. :1952-1954; 1956; 650 4$aStoria del cinema - Unione Sovietica 650 4$aUnione Sovietica$xCinema 907 $a.b11734103$b23-10-14$c24-10-02 912 $a991002956869707536 945 $aLE021FD C28C31$g1$iLE021FD-1838$lle023$nFondo D'Amico$o-$pE0.00$q-$rn$so $t0$u0$v0$w0$x0$y.i11974023$z24-10-02 996 $aKino$9902898 997 $aUNISALENTO 998 $ale021$b10-06-96$cm$da $e-$feng$guk $h0$i1